| 000 | 01460nam a2200433 i 4500 | ||
|---|---|---|---|
| 001 | 9534 | ||
| 003 | KOSZ 005 | ||
| 005 | 20220512115014.0 | ||
| 008 | 220512s1966 pl a f 001 0 pol | ||
| 015 | _aPB 7717/40 | ||
| 040 |
_aWA N _cWA N _dKOSZ 005/RW _dKOSZ 005/HR |
||
| 041 | 1 |
_apol _hfre |
|
| 046 | _k1962 | ||
| 080 | _a541 | ||
| 080 | _a537 | ||
| 100 | 1 |
_aSuchet, Jacques Paul _eAutor |
|
| 245 | 1 | 0 |
_aFizyka chemiczna półprzewodników / _cJ. P. Suchet ; [tłumaczenie Irena Manikowska]. |
| 246 | 1 |
_iTytuł oryginału: _aChimie physique des semiconducteurs. |
|
| 250 | _aWydanie I. | ||
| 260 |
_aWarszawa : _bPaństwowe Wydawnictwo Naukowe, _c1966. |
||
| 300 |
_a269, [2] stron : _bilustracje ; _c18 cm. |
||
| 336 |
_aTekst _btxt _2rdacontent |
||
| 337 |
_aBez urządzenia pośredniczącego _bn _2rdamedia |
||
| 338 |
_aWolumin _bnc _2rdacarrier |
||
| 380 | _aKsiążki | ||
| 380 | _aPublikacje naukowe | ||
| 388 | 1 | _a1901-2000 | |
| 388 | 1 | _a1945-1989 | |
| 504 | _aBibliografia na stronach [247]-255. Indeks. | ||
| 650 | 7 | _aPółprzewodniki | |
| 650 | 7 | _aChemia fizyczna | |
| 655 | 7 | _aOpracowanie | |
| 658 | _aChemia | ||
| 658 | _aInżynieria i technika | ||
| 700 | 1 |
_aManikowska, Irena _eTłumaczenie |
|
| 710 | 2 |
_aPaństwowe Wydawnictwo Naukowe _4pbl |
|
| 856 |
_uhttp://koha.tu.koszalin.pl/cgi-bin/koha/opac-detail.pl?biblionumber=9534 _yKatalog online BPK |
||
| 942 |
_2UKD _cKS |
||
| 999 |
_c9534 _d9534 |
||